Netradičné formy financovania startupov diplomová práca

Enregistré dans:
Détails bibliographiques
Auteur principal: Zavarský, Filip
Collectivité auteur: Fakulta podnikového manažmentu EU. Katedra manažmentu výroby a logistiky - zrušená
Autres auteurs: Gubová, Klaudia, 1986-
Format: Livre
Langue:slovaque
Publié: Bratislava 2017
Tags: Ajouter un tag
Pas de tags, Soyez le premier à ajouter un tag!

MARC

LEADER 00000nbm a2200000 4500
001 0232211
005 20191002135705.2
041 0 |a slo 
044 |a SK 
245 1 0 |a Netradičné formy financovania startupov  |b diplomová práca  |c Filip Zavarský ; školiteľ: Klaudia Gubová 
264 1 |a Bratislava  |c 2017 
300 |a 83 s. 
100 1 |a Zavarský, Filip 
700 1 |a Gubová, Klaudia, 1986- 
710 2 |a Fakulta podnikového manažmentu EU. Katedra manažmentu výroby a logistiky - zrušená